Computational Methods for integral equations (Record no. 79644)

MARC details
000 -LEADER
fixed length control field 00732nam a2200169 a 4500
008 - FIXED-LENGTH DATA ELEMENTS--GENERAL INFORMATION
fixed length control field 120416s1985 ||||||||||||||||| || u
020 ## - INTERNATIONAL STANDARD BOOK NUMBER
International Standard Book Number 0521357969
050 ## - LIBRARY OF CONGRESS CALL NUMBER
Classification number QA 431 Del
100 ## - MAIN ENTRY--PERSONAL NAME
Personal name Delves, L.M
245 10 - TITLE STATEMENT
Title Computational Methods for integral equations
260 ## - PUBLICATION, DISTRIBUTION, ETC.
Place of publication, distribution, etc. Cambridge
Name of publisher, distributor, etc. Cambridge University Press
Date of publication, distribution, etc. 1985
300 ## - PHYSICAL DESCRIPTION
Extent xii, 376p.:ill
350 ## -
-- 0.00
650 ## - SUBJECT ADDED ENTRY--TOPICAL TERM
Topical term or geographic name entry element INTEGRAL EQUATIONS
995 ## -
-- ANNEX COLLECTION (Main Library)
-- 0.00
-- 712058
-- CBU-MAIN LIBRARY (Kitwe)
-- 1
-- 0.00
-- QA 431 Del
-- 1
-- AVAILABLE
-- 012660
-- Annex Low-Usage Collection
995 ## -
-- ANNEX COLLECTION (Main Library)
-- 0.00
-- 727939
-- CBU-MAIN LIBRARY (Kitwe)
-- 1
-- 0.00
-- QA 431 Del
-- 2
-- AVAILABLE
-- Apr 23, 2008
-- 026031
-- Annex Low-Usage Collection
999 ## -
-- 79644
-- 79644
Holdings
Withdrawn status Lost status Source of classification or shelving scheme Damaged status Not for loan Permanent Location Current Location Shelving location Date acquired Total Checkouts Full call number Barcode Date last seen Copy number Price effective from Koha item type
          CBU-MAIN LIBRARY, KITWE. CBU-MAIN LIBRARY, KITWE.   06/29/2023   QA 431 Del 012660 06/29/2023 1 06/29/2023 MONOGRAPH
          CBU-MAIN LIBRARY, KITWE. CBU-MAIN LIBRARY, KITWE.   06/29/2023   QA 431 Del 026031 06/29/2023 2 06/29/2023 MONOGRAPH